00656nam a22002177a 4500003000500000005001700005008004100022010000900063011000900072035000900081040000900090082001700099110006600116245007900182260004600261300001000307500001100317650003600328650002800364650004600392CHAP20220817040946.0971013s1990 r 00010 d a3459 a4431 a3634 cCHAP a338.763bI55 aInstituto Interamericano de Cooperación para la Agricultura aPolicies for agroindustrial development in Latin America and the Caribbean aSan José, C. R. :bThe Institute,c1990 a307 p aD50-2714aCaribexIndustrias agrícolas.14aIndustrias agrícolas.14aIndustrias agrícolasxAmérica Latina.